000 00747nam a2200205 a 4500
005 20260108064000.0
008 991125s1984 mx 000 0 spa u
035 _aUPN01000002675
049 _aCG
050 4 _aLB5
_bD5.4 no.10
100 1 _aMeneguzzi, Leonor
245 1 0 _aAnálisis de los libros de texto de ciencias naturales de primaria para adultos /
_cLeonor Meneguzzi.
260 _aMéxico :
_bIPN, Centro de Investigación y de Estudios Avanzados, Departamento de Investigaciones Educativas,
_c1984.
300 _a61 p.
440 0 _aDocumento DIE ;
_v10
650 4 _aLibros de texto
_94427
650 4 _aCiencias naturales
_xEstudio y enseñanza (Elemental)
_92812
650 4 _aEducación de adultos
_zMéxico
_95673
905 _aLibro
999 _c2675
_d2675